Perspectives of the evolution of the economy of India

Vplyv globálnej krízy na ekonomiku Indie. Turistika. Investovanie na indickej burze cenných papierov. India, ako niektoré rozvojové krajiny, pomerne dobre prechádza súčasnou ekonomickou krízou.

Na minha lista:
Detalhes bibliográficos
Autor principal: Malacká, Viera
Outros Autores: Štofilová, Jana
Formato: Capítulo de Livro
Idioma:inglês
Assuntos:
Tags: Adicionar Tag
Sem tags, seja o primeiro a adicionar uma tag!

MARC

LEADER 00000naa$a2200000$$$4500
001 0142066
005 20240502083330.6
041 0 |a eng 
044 |a LT 
245 1 0 |a Perspectives of the evolution of the economy of India  |c Viera Malacká, Jana Štofilová 
520 |a Vplyv globálnej krízy na ekonomiku Indie. Turistika. Investovanie na indickej burze cenných papierov. India, ako niektoré rozvojové krajiny, pomerne dobre prechádza súčasnou ekonomickou krízou. 
610 2 0 |a hospodárstvo národné 
610 2 0 |a produkt národný hrubý 
610 2 0 |a dlhy 
610 2 0 |a turistika 
610 2 0 |a kríza hospodárska 
610 2 0 |a India 
100 1 |a Malacká, Viera 
700 1 |a Štofilová, Jana